Stochastické modely nemocenského a zdravotného zabezpečenia

Informácia o zámeroch a cieľoch dizertačnej práce, obhajoba ktorej sa konala 25. septembra 2008

Saved in:
Bibliographic Details
Main Author: Škrovánková, Petra, 1981-
Format: Book Chapter
Language:Slovak
Subjects:
Tags: Add Tag
No Tags, Be the first to tag this record!

MARC

LEADER 00000naa$a2200000$$$4500
001 0097860
005 20240502072100.1
041 0 |a slo 
044 |a SK 
245 1 0 |a Stochastické modely nemocenského a zdravotného zabezpečenia  |c Petra Škrovánková 
520 |a Informácia o zámeroch a cieľoch dizertačnej práce, obhajoba ktorej sa konala 25. septembra 2008 
610 2 0 |a práce kvalifikačné 
610 2 0 |a modely stochastické 
610 2 0 |a zabezpečenie nemocenské 
100 1 |a Škrovánková, Petra, 1981-